00464nam a2200133Ia 4500008004100000041000800041082001400049100001900063245004900082260003700131300001900168999001700187952012600204241028s9999 xx 000 0 und d aeng a658.5 BEN aSergio Bennett aGlobal Logistics And Supply Chain Strategies bStates Academic PressaUSAc2023 a258;. P. 22 cm c42865d42865 00104070aIMTNbIMTNcRack 34-Ad2024-07-03g13835.68l0o658.5 BENp33294r2024-10-28 00:00:00v159.95w2024-10-28yBK